000 00433nam a22001817a 4500
003 OSt
008 250503b |||||||| |||| 00| 0 eng d
020 _a9789384266677
082 _a614.35 AGP
100 _aAgarwal, S.P
245 _aPharmaceutical Jurisprudence
250 _a1st
260 _aDelhi
_bBirla
_c2026
300 _axv,300
650 _aPharmaceutical Jurispridence
700 _aKhanna, Rajesh
942 _2ddc
_cBK
999 _c13506
_d13506